000 01169nam a2200361 c 4500
003 BLK
005 20180420221140.0
008 180408b bul|||||r ||||||| ||bul||
010 _aKNG00042879000
020 _a2-03-340333-5
_bиздат.: Larousse
040 _aBLK
041 _aFRE
_cFRE
080 _aФренски език
_b811.133.1
_x-316(038.1)
_z811.133.1-316(038.1)
100 1 _aColin, Jean-Paul
_eпърви автор
_9276148
700 1 _aMevel, Jean-Pierre
_eсъавт.
_918518
700 1 _aLeclere, Christian
_eсъавт.
_916700
139 _aColin, Jean-Paul et al.
_bC 69
245 1 0 _aDictionnaire de l'argot
_cJean-Paul Colin; съавт. Jean-Pierre Mevel; съавт. Christian Leclere.
257 _aFRA
260 Paris
_bLarousse
_c1994
300 _a763 c
_c24 cm
380 _a80
490 1 _aTresors du francais
650 4 _aФренски език - речници - жаргон
_9276721
653 _aфренски език
653 _aречници
653 _aжаргон
852 _aЦб 180365
856 4 _qpdf
_u
856 4 _qpdf
_u
942 _cKNG
_n0
944 _aCR
_c15.01.2003
_kТеодора_Стоянова
944 _aED
_c28.07.2009
_k
999 _c39525
_d39525